000 00359nam a2200145Ia 4500
008 220216s9999 xx 000 0 und d
100 _aDi Giulio E
245 0 _aHeat resistance of E P rubbers
260 _bProceedings of the IRI
_c1965
300 _a190-207
650 _aEP rubber
650 _aHeat resistance
700 _aGuglielmino A
942 _cJS
999 _c60249
_d60249